Design of equilibrium stage processes (Record no. 13251)

000 -LEADER
fixed length control field 00589nam a22002171 4500
001 - CONTROL NUMBER
control field 13251
003 - CONTROL NUMBER IDENTIFIER
control field BD-DhUET
008 - FIXED-LENGTH DATA ELEMENTS--GENERAL INFORMATION
fixed length control field 740517s1963 nyua b 000 0 eng
020 ## - INTERNATIONAL STANDARD BOOK NUMBER
International Standard Book Number 070586373
040 ## - CATALOGING SOURCE
Original cataloging agency DLC
Transcribing agency OAkU
Modifying agency BD-DhUET
082 ## - DEWEY DECIMAL CLASSIFICATION NUMBER
Classification number 660.28422
Item number SMI/1963
100 1# - MAIN ENTRY--PERSONAL NAME
Personal name Smith, Buford D.
245 10 - TITLE STATEMENT
Title Design of equilibrium stage processes
250 ## - EDITION STATEMENT
Edition statement 1st ed.
260 ## - PUBLICATION, DISTRIBUTION, ETC. (IMPRINT)
Place of publication, distribution, etc. New York
Name of publisher, distributor, etc. McGraw-Hill
Date of publication, distribution, etc. 1963
300 ## - PHYSICAL DESCRIPTION
Extent 647 p.
Other physical details ill.
Dimensions 24 cm.
490 ## - SERIES STATEMENT
Series statement McGraw-Hill chemical engineering series
504 ## - BIBLIOGRAPHY, ETC. NOTE
Bibliography, etc Includes bibliographies
650 #0 - SUBJECT ADDED ENTRY--TOPICAL TERM
Topical term or geographic name as entry element Chemical equilibrium
942 ## - ADDED ENTRY ELEMENTS (KOHA)
Koha item type General Book
Holdings
Withdrawn status Source of classification or shelving scheme Damaged status Koha date last seen Price effective from Piece designation (barcode) Koha normalized classification for sorting Date acquired Koha full call number Koha item type Shelving location Lost status Sublocation or collection (holding branch) Not for loan Location (home branch) Copy number
   2015-03-022015-03-0234954660_284220000000000_SMI_19632015-03-02660.28422/SMI/1963General BookCirculation section Central Library, BUET Central Library, BUET1
   2015-03-032015-03-0329845660_284220000000000_SMI_19632015-03-03660.28422/SMI/1963General BookCirculation section Central Library, BUET Central Library, BUET2
   2015-03-032015-03-0329841660_284220000000000_SMI_19632015-03-03660.28422/SMI/1963General BookCirculation section Central Library, BUET Central Library, BUET3
   2015-03-032015-03-0329847660_284220000000000_SMI_19632015-03-03660.28422/SMI/1963General BookCirculation section Central Library, BUET Central Library, BUET4
   2015-03-032015-03-0329853660_284220000000000_SMI_19632015-03-03660.28422/SMI/1963General BookCirculation section Central Library, BUET Central Library, BUET5
   2015-03-032015-03-0329843660_284220000000000_SMI_19632015-03-03660.28422/SMI/1963General BookCirculation section Central Library, BUET Central Library, BUET6
   2015-03-032015-03-0329844660_284220000000000_SMI_19632015-03-03660.28422/SMI/1963General BookCirculation section Central Library, BUET Central Library, BUET7
   2015-03-032015-03-0329840660_284220000000000_SMI_19632015-03-03660.28422/SMI/1963General BookCirculation section Central Library, BUET Central Library, BUET8
   2015-03-032015-03-0334955660_284220000000000_SMI_19632015-03-03660.28422/SMI/1963General BookCirculation section Central Library, BUET Central Library, BUET9
   2015-05-112015-05-1111477660_284220000000000_SMI_19632015-05-11660.28422/SMI/1963General BookCirculation section Central Library, BUET Central Library, BUET10
   2015-05-112015-05-1129846660_284220000000000_SMI_19632015-05-11660.28422/SMI/1963General BookCirculation section Central Library, BUET Central Library, BUET11
   2015-05-112015-05-1134953660_284220000000000_SMI_19632015-05-11660.28422/SMI/1963General BookCirculation section Central Library, BUET Central Library, BUET12
   2015-05-112015-05-1118836660_284220000000000_SMI_19632015-05-11660.28422/SMI/1963General BookCirculation section Central Library, BUET Central Library, BUET13
   2015-05-112015-05-1129854660_284220000000000_SMI_19632015-05-11660.28422/SMI/1963General BookCirculation section Central Library, BUET Central Library, BUET14
   2015-05-112015-05-1129856660_284220000000000_SMI_19632015-05-11660.28422/SMI/1963General BookCirculation section Central Library, BUET Central Library, BUET15
   2015-05-192015-05-1929848660_284220000000000_SMI_19632015-05-19660.28422/SMI/1963General BookCirculation section Central Library, BUET Central Library, BUET16
   2015-06-182015-06-186449660_284220000000000_SMI_19632015-06-18660.28422/SMI/1963Reading ItemReading section Central Library, BUET Central Library, BUET17